000 00683nam a22002297a 4500
003 UA-OsUOA
001 66299
007 ta
008 20091225b un ||||| |||| 00| 0 ukr d
100 _aКалениченко Н.Л.
090 _a82.09(477)
_bК17
942 _cBK
040 _aUA-OsUOA
_bukr
_cUA-OsUOA
_dUA-OsUOA
245 _aВеликий сонцепоклонник
_bЖиття і творчість Михайла Коцюбинського
300 _a248 с.
955 _a2
041 _aukr
080 _a82.09(477)
260 _aК.
_bДніпро
_c1967
650 7 _a82 Література. Літературознавство
_2UDC
999 _c352250
_d352250